01577cam a22004094i 4500003000900000005001700009008004100026035002000067040003300087100003800120245021000158264001000368300002200378336002100400337002500421338002300446502005900469504002400528520036900552526001000921526001000931526000900941526000900950526000900959526000900968526000900977526000900986526000900995526000801004526000801012526000801020526000801028526000801036650004801044650004401092700003101136PE-LiUPU20250731165409.0151020s1996 pe grm 000 0 spa d a(Sirsi) a154972 aPE-LiUPUbspacPE-LiUPUerda1 aDel Aguila Ayachi, Rosarioeautor14aLas costumbres-hábitos alimentarios que influyen en el estado nutricional de los niños menores de dos años que se atienden en el Hospital local de Vitarte. Agosto, 1996 /cRosario Del Aguilar Ayachi. 0c1996. a116 hojas c30 cm atext2rdacontent aunmediated2rdamedia avolume2rdacarrier aTesisb(Lic.) -- cUniversidad Peruana Unión,d1996. aIncluye referencias3 aEl presente estudio de investigación es de tipo descriptivo transversal y fue realizado en el Hospital Local de Vitarte, con la finalidad de investigar la relación e influencia existente entre las costumbres-hábitos alimentarios y el estado nutricional en niños menores de 2 años que se atendieron en dicha institución durante el mes de agosto de 1996. aSEG44 aSEG26 aP151 aP150 aP149 aP146 aP145 aP126 aP125 aP92 aP75 aP74 aP27 aP1504aNutrición infantilxHabitos alimenticios.04aConducta de vidaxNutrición infantil.1 aHuanca Mamani, Neryeautor